<?xml version="1.0" encoding="UTF-8"?><?xml-stylesheet type="text/xsl" href="static/style.xsl"?><OAI-PMH xmlns="http://www.openarchives.org/OAI/2.0/" xmlns:xsi="http://www.w3.org/2001/XMLSchema-instance" xsi:schemaLocation="http://www.openarchives.org/OAI/2.0/ http://www.openarchives.org/OAI/2.0/OAI-PMH.xsd"><responseDate>2026-04-27T12:57:04Z</responseDate><request verb="GetRecord" identifier="oai:uvadoc.uva.es:10324/32082" metadataPrefix="marc">https://uvadoc.uva.es/oai/request</request><GetRecord><record><header><identifier>oai:uvadoc.uva.es:10324/32082</identifier><datestamp>2021-06-29T22:38:34Z</datestamp><setSpec>com_10324_38</setSpec><setSpec>col_10324_852</setSpec></header><metadata><record xmlns="http://www.loc.gov/MARC21/slim" xmlns:doc="http://www.lyncode.com/xoai" xmlns:xsi="http://www.w3.org/2001/XMLSchema-instance" xmlns:dcterms="http://purl.org/dc/terms/" xsi:schemaLocation="http://www.loc.gov/MARC21/slim http://www.loc.gov/standards/marcxml/schema/MARC21slim.xsd">
<leader>00925njm 22002777a 4500</leader>
<datafield tag="042" ind1=" " ind2=" ">
<subfield code="a">dc</subfield>
</datafield>
<datafield tag="720" ind1=" " ind2=" ">
<subfield code="a">Fernández Fraile, Tania</subfield>
<subfield code="e">author</subfield>
</datafield>
<datafield tag="260" ind1=" " ind2=" ">
<subfield code="c">2018</subfield>
</datafield>
<datafield tag="520" ind1=" " ind2=" ">
<subfield code="a">El presente Trabajo de Final de Grado trata de la prevención de la violencia de género y de cómo la Actividad Física puede ser una potencial herramienta al servicio de los educadores sociales. Se muestra esta relación a partir del narrado y análisis de una intervención socioeducativa realizada con una joven en potencial riesgo de sufrir violencia de género, con quien se establece contacto a través del centro donde la autora ha realizado el practicum de profundización del grado.</subfield>
</datafield>
<datafield tag="520" ind1=" " ind2=" ">
<subfield code="a">This Final Grade Work talks about the prevention of gender violence and how the physical activity can be a potential tool at the service of social educators. This relation is shown from the narrative and analysis of a socio-educational intervention carried out with a young woman at potential risk of suffering gender violence, who is contacted through the center where the author has done the practicum degree.</subfield>
</datafield>
<datafield tag="024" ind2=" " ind1="8">
<subfield code="a">http://uvadoc.uva.es/handle/10324/32082</subfield>
</datafield>
<datafield ind1=" " ind2=" " tag="653">
<subfield code="a">Ejercicio físico</subfield>
</datafield>
<datafield ind1=" " ind2=" " tag="653">
<subfield code="a">Educación para la salud</subfield>
</datafield>
<datafield ind1=" " ind2=" " tag="653">
<subfield code="a">Violencia con las mujeres</subfield>
</datafield>
<datafield tag="245" ind1="0" ind2="0">
<subfield code="a">Actividad física y prevención de la violencia de género: un ejemplo práctico.</subfield>
</datafield>
</record></metadata></record></GetRecord></OAI-PMH>